Hodnotenie hospodárskej a právnej kovergencie SR

Konvergencia v hospodárskej oblasti - vývoj inflácie, vývoj rozpočtovej politiky. Právna konvergencia. Konvergenčná správa v roku 2008 bude zahŕňať aj hodnotenie Slovenska v oblasti hospodárskej a právnej konvergencie. Očakáva sa, že bude obsahom podobná konvergenčným správam za roky 2002, 2004, 200...

Descripción completa

Guardado en:
Detalles Bibliográficos
Autor principal: Tučník, Miroslav
Formato: Capítulo de libro
Lenguaje:eslovaco
Materias:
Etiquetas: Agregar Etiqueta
Sin Etiquetas, Sea el primero en etiquetar este registro!

MARC

LEADER 00000naa$a2200000$$$4500
001 0064125
005 20240502071741.7
041 0 |a slo 
044 |a SK 
245 1 0 |a Hodnotenie hospodárskej a právnej kovergencie SR  |c Miroslav Tučník 
520 |a Konvergencia v hospodárskej oblasti - vývoj inflácie, vývoj rozpočtovej politiky. Právna konvergencia. Konvergenčná správa v roku 2008 bude zahŕňať aj hodnotenie Slovenska v oblasti hospodárskej a právnej konvergencie. Očakáva sa, že bude obsahom podobná konvergenčným správam za roky 2002, 2004, 2006. 
610 2 0 |a konvergencia 
610 2 0 |a hospodárstvo národné 
610 2 0 |a legislatíva 
610 2 0 |a Slovensko 
100 1 |a Tučník, Miroslav